000 00444nam a22001937a 4500
003 MPLRDC
005 20220104114647.0
008 210129b ||||| |||| 00| 0 eng d
020 _a962-447-114-2
082 _a947.414 WXM
100 _a王宣铭绘著
245 _a六韬
_c
250 _a初版
260 _a
_b勤加缘出版社
_c1992
300 _b
490 _a漫画系列. 1
650 _a漫画
942 _cBK
_o947.414 WXM
999 _c9226
_d9216